| 000 | 00558cam a2200205ua 4500 | ||
|---|---|---|---|
| 001 | 9441 | ||
| 008 | 150909n ii |||gr||||Z||||||eng | ||
| 020 | _a0706976622 | ||
| 040 | _cMAIN | ||
| 041 | _aeng | ||
| 082 | _a371.3 | ||
| 100 |
_aAggarwal, J C, _eAuthor. |
||
| 245 | 1 |
_aTeaching of social studies : _ba practical approach / _cby J C Aggarwal . |
|
| 250 | _a3rd rev. ed. | ||
| 260 |
_aNew Delhi: _bVikas, _c1993. |
||
| 300 | _a391p. | ||
| 653 | _aSchools & their activities special education | ||
| 653 | _ateaching of social studies | ||
| 942 | _cBK | ||
| 999 |
_c8493 _d8493 |
||